|
|
|
|
| LEADER |
01095nam a2200253 a 4500 |
| 001 |
16506 |
| 003 |
BD-DhAAL |
| 008 |
110118s2000 enka 000 0 eng d |
| 040 |
|
|
|a BD-DhAAL
|c BD-DhAAL
|
| 041 |
1 |
|
|a eng
|h kor
|
| 082 |
0 |
4 |
|a 725.9109519
|2 21
|
| 245 |
0 |
0 |
|a ASEM & convention center
|
| 246 |
1 |
4 |
|a 2000 Seoul ASEM & convention center
|
| 260 |
|
|
|a Seoul, Korea :
|b Archiworld,
|c [2000].
|
| 300 |
|
|
|a 223 pages :
|b color illustrations ;
|c 30 cm
|
| 500 |
|
|
|a At head of title: "2000 Seoul".
|
| 526 |
|
|
|a ARC
|x Huraera Jabeen
Faculty member of Department of Architecture
|
| 541 |
1 |
|
|e 16506
|a Premier Books
|
| 650 |
|
0 |
|a Convention facilities
|z Korea.
|9 31727
|
| 650 |
|
0 |
|a Architecture, Modern
|y 21st century
|z Korea.
|9 31728
|
| 852 |
|
|
|a Ayesha Abed Library
|c General Stacks
|
| 942 |
|
|
|2 ddc
|c BK
|
| 999 |
|
|
|c 10342
|d 10342
|
| 952 |
|
|
|0 0
|1 0
|2 ddc
|4 0
|6 725_910951900000000_ASE
|7 0
|9 13998
|a BRACUL
|b BRACUL
|c GEN
|d 2011-01-18
|e Premier Books
|g 5500.00
|l 8
|m 53
|o 725.9109519 ASE
|p 3010016506
|r 2026-04-23
|s 2026-03-05
|t 1
|w 2011-01-18
|y BK
|x Requisitioned by Huraera Jabeen, Faculty member of Department of Architecture (ARC).
|